| 000 | 00585ata a2200241 4500 | ||
|---|---|---|---|
| 005 | 20161212140818.0 | ||
| 008 | 150526b xxu||||| |||| 00| 0 spa d | ||
| 041 | _aspa | ||
| 082 | _a972.863 M971c | ||
| 100 |
_aMuñoz Campos, Fabio _934994 |
||
| 245 | _aCurridabat Anecdótico | ||
| 260 | _aCosta Rica | ||
| 260 | _bEDITORAMA | ||
| 260 | _c2007 | ||
| 300 | _a160 páginas | ||
| 650 |
_aCOSTA RICA _934995 |
||
| 650 |
_aCURRIDABAT _928060 |
||
| 650 |
_aHISTORIA _943 |
||
| 650 |
_aSAN JOSE _91091 |
||
| 650 |
_aVIDA SOCIAL _97539 |
||
| 650 |
_aCOSTUMBRE _934996 |
||
| 942 | _cBK | ||
| 999 |
_c6027 _d6027 |
||